Water, Power and Identity: The Cultural Politics of Water in the Andes (Record no. 533705)

000 -LEADER
fixed length control field 00365nam a22001337a 4500
020 ## - INTERNATIONAL STANDARD BOOK NUMBER
International Standard Book Number 978-1138628922
040 ## - CATALOGING SOURCE
Transcribing agency MSOHAIL333
082 ## - DEWEY DECIMAL CLASSIFICATION NUMBER
Classification number 333.910098
Author Mark BOE
100 ## - MAIN ENTRY--PERSONAL NAME
Personal name Rutgerd Boelens
9 (RLIN) 27671
245 ## - TITLE STATEMENT
Title Water, Power and Identity: The Cultural Politics of Water in the Andes
260 ## - PUBLICATION, DISTRIBUTION, ETC.
Place of publication, distribution, etc. London
Name of publisher, distributor, etc. Routledge;
Date of publication, distribution, etc. c2015
300 ## - PHYSICAL DESCRIPTION
Extent 365;p;xv
942 ## - ADDED ENTRY ELEMENTS (KOHA)
Source of classification or shelving scheme
Koha item type Book
Holdings
Withdrawn status Lost status Source of classification or shelving scheme Damaged status Not for loan Permanent Location Current Location Date acquired Total Checkouts Full call number Barcode Date last seen Price effective from Koha item type
          School of Civil and Environmental Engineering (SCEE) School of Civil and Environmental Engineering (SCEE) 01/16/2020   333.910098 BOE NIT-13087 01/16/2020 01/16/2020 Book
© 2023 Central Library, National University of Sciences and Technology. All Rights Reserved.